Musical Artists with the most Grammy Wins - Statistics

General Stats
  • This quiz has been taken 21 times
  • The average score is 2 of 11
Answer Stats
Hint Answer % Correct
35 Beyonce
85%
24 Kanye West
60%
24 Jay-Z
45%
25 Stevie Wonder
20%
25 John Williams
10%
28 Quincy Jones
10%
27 Alison Krauss
5%
27 Chick Corea
0%
31 Georg Solti
0%
26 Pierre Boulez
0%
25 Vladimir Horowitz
0%
No matching quizzes found
Score Distribution
Percent of People with Each Score
Percentile by Number Answered
Your Score History
You have not taken this quiz